00414nam a2200121Ia 4500008004100000245009900041260004500140260000900185300000900194500001300203650001300216856006300229170516s9999 xx 000 0 und d aP-016 - Pharmaceutical properties of insulin conjugate with glucuronylglucosyl-β-cyclodextrin bAsian Journal of Pharmaceutical Sciences c2016 a11:1 aFebruary xPharmacy uhttp://www.sciencedirect.com/science/journal/18180876/11/1